000 01569nam a2200385 i 4500
001 112540
003 FINmELB
005 20241217174337.0
006 m o d |
007 cr cnu||||||||
008 231226s2023 sp o 001 0 spa d
020 _a9788490739631
_q(print)
020 _a9788490739693
_q(e-book)
035 _a(OCoLC)1418814278
040 _aFINmELB
_bspa
_erda
_cFINmELB
050 4 _aBR41
_bC934 2023
080 _a27:005.745
082 0 4 _a230
_223
110 1 _aUniversidad Pontíficia de Salamanca. Instituto Superior Pastoral,
_eautor.
245 1 0 _a¿Qué cristianismo crea futuro? /
_cSilvia Martínez Cano, Mireia Vidal I Quintero (editoras) ; Kochurani Abraham ; [y otros].
264 1 _aNavarra :
_bEditorial Verbo Divino,
_c2023.
300 _a1 recurso en línea (245 páginas)
336 _atexto
_btxt
_2rdacontent/spa
337 _acomputadora
_bc
_2rdamedia/spa
338 _arecurso en línea
_bcr
_2rdacarrier/spa
500 _aIncluye índice.
588 _aDescripción basada en metadatos suministrados por el editor y otras fuentes.
590 _aRecurso electrónico. Santa Fe, Arg.: elibro, 2024. Disponible vía World Wide Web. El acceso puede estar limitado para las bibliotecas afiliadas a elibro.
650 4 _aCristianismo
_xCongresos, conferencias, etc.
650 4 _aReligión.
655 4 _aLibros electrónicos.
711 2 _aSemana de Estudios de Teología Pastoral
_n(XXXIII),
_jponencias.
797 2 _aelibro, Corp.
856 4 0 _uhttps://elibro.net/ereader/politecnicointernacional/248071
999 _c112540
_d112540